000
00171nam a22000977a 4500
041
_a
eng
080
_a
80
100
_a
Daum, Edmund
245
_a
Worterbuch
999
_c
282090
_d
282090
942
_c
BK